000 00392cam a2200145ua 4500
041 _aeng
_h
082 _a636
_bRAN/AG
100 _aRandhawa, M S.
245 _aAgriculture and animal husbandry in India /
_cRandhawa.
_hTextual Documents
260 _aThiruvananthapuram :
_bState Instititute of Languages ,
_c1961.
300 _a342 ; .
504 _a
942 _cBK
999 _c4689
_d4689